Bienvenue à la Médiathèque de Saint-Andiol
banniere
Accueil Recherche avancée Mon compte
handi1 Rechercher dans le catalogue

Filtre   Mots-clés
  Recherche avancée
 
Lister les dernières nouveautés
 
Lister les livres GROS CARACTERES
 
Lister les périodiques (magazines)

handi1 Danger soeur baveuse!

<< Retourner aux résultats de la recherche
Book Cover
Auteur principal : Olivier Dutto
Autres auteurs : Benoît Bekaert
Titre : Danger soeur baveuse!
Support : Livres
Langue : Francais
Publié : 2023 Soleil Toulon
Series : Les p'tits diables
Genre : Bande Dessinée (enfants)
Collection : Les P'tits diables
Sujets :
Étiquettes :
Pas de tags
LEADER 00793nam0a2200229 450
001 16864058
010 |a 978-2-302-09933-3  |b rel.  |d 10,95 € 
100 |a 20241127d2023 u u0frey01 ba 
101 0 |a fre 
102 |a FR 
200 0 |a Danger soeur baveuse! 
207 1 |a   
210 |a Toulon  |c Soleil  |d 2023 
215 |a 1 vol. (44 p.)  |c Ill. en coul.  |d 30 cm 
225 1 |a Les P'tits diables  |v 35 
330 |a Une nouvelle avalanche de gags dans lesquels Tom et Nina rivalisent d'astuces pour se piéger l'un l'autre. 
461 0 |t Les p'tits diables  |v 35 
700 0 |a Dutto  |b Olivier  |4 570 
701 0 |a Bekaert  |b Benoît  |f 1980-....  |4 570 
900 |a Bande Dessinée (enfants) 
901 |a Jeunesse 
995 |a Médiathèque  |c Médiathèque  |f 089020722  |h 089020722  |k BD PTI  |o p  |q j  |r az  |e Médiathèque